UBT Library

Nutrition and diet therapy / (Record no. 44718)

000 -LEADER
fixed length control field 00718cam a2200241 a 4500
001 - CONTROL NUMBER
control field 4413443
005 - DATE AND TIME OF LATEST TRANSACTION
control field 20180312062133.0
008 - FIXED-LENGTH DATA ELEMENTS--GENERAL INFORMATION
fixed length control field 930416s1993 moua b 001 0 eng c
010 ## - LIBRARY OF CONGRESS CONTROL NUMBER
LC control number 93004353
020 ## - INTERNATIONAL STANDARD BOOK NUMBER
International Standard Book Number 0801665655
040 ## - CATALOGING SOURCE
Original cataloging agency DNLM/DLC
Transcribing agency DLC
Modifying agency DLC
041 ## - LANGUAGE CODE
Language code of text/sound track or separate title eng
060 00 - NATIONAL LIBRARY OF MEDICINE CALL NUMBER
Classification number WB 400 W727n 1993
080 ## - UNIVERSAL DECIMAL CLASSIFICATION NUMBER
Universal Decimal Classification number 615.854 wil
082 00 - DEWEY DECIMAL CLASSIFICATION NUMBER
Classification number 615.854 wil
Edition number 20
100 1# - Rafti
Rafti 9
101 ## - Shkurtesa
Shkurtesa nut
245 10 - TITLE STATEMENT
Title Nutrition and diet therapy /
Statement of responsibility, etc Sue Rodwell Williams, with the assistance of Sara Long Anderson.
504 ## - BIBLIOGRAPHY, ETC. NOTE
Bibliography, etc Includes bibliographical references and index.
906 ## - LOCAL DATA ELEMENT F, LDF (RLIN)
a 7
b cbc
c orignew
d 1
e ocip
f 19
g y-gencatlg
942 ## - ADDED ENTRY ELEMENTS (KOHA)
Source of classification or shelving scheme
Item type Books
Holdings
Withdrawn status Lost status Source of classification or shelving scheme Damaged status Not for loan Collection code Permanent location Current location Shelving location Date acquired Total Checkouts Full call number Barcode Date last seen Price effective from Koha item type
          Koleksioni i përgjithshem UBT - Lipjan UBT - Lipjan Koleksioni i përgjithshem 03/12/2018   615.854 wil 002-3001375 03/12/2018 03/12/2018 Books
UBT Library © 2015-2024. All rights reserved University Education for Business and Technology